000 00753nam a2200217 a 4500
001 000039013
005 20240412074259.0
008 090429s2012 dr r 000 0 spa d
020 _z9789945165173
040 _aDO-SdBNP
_bspa
_cBNPHU
082 _aRD863.44
_bJ58ca, 2012
100 1 _aJesús Ulerio, Luis Felipe de,
_d1970 -
_91334
245 1 0 _aCatalepsia 2 :
_bmás cuentos de muertos contados por vivos /
_cLuis Felipe de Jesús Ulerio.
260 _aSanto Domingo :
_bBúho,
_c2012.
300 _a191 p. ;
_c22 cm.
500 _aIncluye datos biográficos del autor en las solapas
590 _aInventariado, 2018/BT
650 0 _aCuentos dominicanos
_9176
650 0 _aLiteratura dominicana.
_967
910 _aValidado. Control de calidad. MFF
999 _c38503
_d38503